00527nam a2200157 a 450000100100000000500170001000800410002702000150006804000250008310000260010824500450013426000450017930000230022495201050024799900170035200003664520200930075841.0120123s2002 xxu 000 0 spa d a0312253486 aDO-SdBNPbspacBNPHU1 aLudlum, Robert96293310aThe Janson directive / :bRobert Ludlum. aNew York :bSt. Martin“s Press ,c2002. a547 p. : ;c23 cm. 001050718MOaGRbGRcCTd2012-01-23iLF1l0o p36645-10r2020-06-25w2020-06-25y1ZNo se presta c36136d36136